000
00333nam a2200145Ia 4500
008
230718s9999 xx 000 0 und d
041
_a
Eng.
082
_a
343.54
_b
PAR-M
100
_a
Parekh,Manoj.H
245
0
_a
Medical Jusispreduence
260
_a
Pakistan
_b
Lexis Nexis
_c
2011
300
_a
1064
650
_a
Law
999
_c
30335
_d
30335